La tierra : (Registro nro. 7373)
[ vista simple ]
| 000 -LEADER | |
|---|---|
| fixed length control field | 00920nam a22002417a 4500 |
| 003 - CONTROL NUMBER IDENTIFIER | |
| control field | OSt |
| 005 - DATE AND TIME OF LATEST TRANSACTION | |
| control field | 20210228175656.0 |
| 008 - FIXED-LENGTH DATA ELEMENTS--GENERAL INFORMATION | |
| fixed length control field | 210228s1985 ck abo|gr|||| 001 0 spa d |
| 020 ## - INTERNATIONAL STANDARD BOOK NUMBER | |
| International Standard Book Number | 9586020711 |
| 040 ## - CATALOGING SOURCE | |
| Original cataloging agency | CO-JMCR |
| Transcribing agency | CO-JMCR |
| 041 1# - LANGUAGE CODE | |
| Language code of text/sound track or separate title | spa |
| Language code of original | eng |
| 082 04 - DEWEY DECIMAL CLASSIFICATION NUMBER | |
| Classification number | R 551 / |
| Item number | T564t |
| Edition number | 23 |
| 245 03 - TITLE STATEMENT | |
| Title | La tierra : |
| Remainder of title | mares, climas, continentes |
| 260 ## - PUBLICATION, DISTRIBUTION, ETC. | |
| Place of publication, distribution, etc. | Bogotá : |
| Name of publisher, distributor, etc. | Círculo de Lectores, |
| Date of publication, distribution, etc. | 1985 |
| 300 ## - PHYSICAL DESCRIPTION | |
| Extent | 156 páginas : |
| Other physical details | ilustraciones, fotografías y mapas ; |
| Dimensions | 29 cm |
| 490 0# - SERIES STATEMENT | |
| Series statement | Vida y ciencia ; |
| Volume/sequential designation | 3 |
| 500 ## - GENERAL NOTE | |
| General note | Glosario e índice de conceptos al final del texto |
| 504 ## - BIBLIOGRAPHY, ETC. NOTE | |
| Bibliography, etc. note | Bibliografía: página 158 |
| 505 0# - FORMATTED CONTENTS NOTE | |
| Formatted contents note | La tierra desde el espacio -- Atmósfera de la tierra y clima -- Mares -- Estructura y superficie de la tierra -- Cartografía de la tierra -- Geología y paisaje -- Hombre y paisaje -- Datos de la tierra |
| 650 14 - SUBJECT ADDED ENTRY--TOPICAL TERM | |
| Topical term or geographic name entry element | Geología |
| 9 (RLIN) | 14106 |
| 650 14 - SUBJECT ADDED ENTRY--TOPICAL TERM | |
| Topical term or geographic name entry element | Tierra |
| 9 (RLIN) | 14107 |
| 942 ## - ADDED ENTRY ELEMENTS (KOHA) | |
| Source of classification or shelving scheme | Dewey Decimal Classification |
| Koha item type | Books |
| Withdrawn status | Lost status | Source of classification or shelving scheme | Damaged status | Not for loan | Home library | Current library | Shelving location | Date acquired | Source of acquisition | Total Checkouts | Full call number | Barcode | Date last seen | Copy number | Price effective from | Koha item type |
|---|---|---|---|---|---|---|---|---|---|---|---|---|---|---|---|---|
| Dewey Decimal Classification | Biblioteca Pública José María del Castillo y Rada | Biblioteca Pública José María del Castillo y Rada | Reference | 02/28/2021 | Donación | R 551 / T564t | 201810460 | 02/28/2021 | Ej.1 | 02/28/2021 | Books |